| 000 | 00522nam a2200181Ia 4500 | ||
|---|---|---|---|
| 008 | 140626s9999 xx 000 0 und d | ||
| 100 | _aShao, Ruodan. | ||
| 245 |
_aEmployee justice across cultures : _b a meta-analytic review / _cRuodan Shao ... [et al.]. |
||
| 260 | _cc2013. | ||
| 300 | _a39 : 1, page 263 | ||
| 440 | _aJournal of Management | ||
| 521 | _aBSBA | ||
| 650 | _aCross-cultural management. | ||
| 650 | _aMeta-analysis. | ||
| 650 | _aMultifoci justice. | ||
| 650 | _aNational culture. | ||
| 942 | _cSE | ||
| 999 |
_c121011 _d121011 |
||